Sports Quiz

Random Sports or Baseball Quiz

MLB Players by Career Path Quiz Stats

Quiz not verified by Sporcle

Challenge
Share
Tweet
Embed
Score 0/20 Timer 10:00
0 Plays Today
Teams Player % Correct
OAK/NYY/OAK/TOR/OAK/SD/ANA/OAK/NYM/SEA/SD/BOS/LADRickey Henderson
90.5%
MIL/SD/FLA/LAD/ATL/NYY/DET/NYMGary Sheffield
78.4%
MIL/TOR/MINPaul Molitor
76.7%
TEX/CHW/CHC/BAL/TEXSammy Sosa
76.7%
SD/NYY/CAL/TOR/MIN/CLEDave Winfield
72.4%
CHC/ATL/CHC/LAD/SD/LADGreg Maddux
72.4%
LAD/FLA/NYM/SD/OAKMike Piazza
71.6%
TOR/SD/ATL/TB/CHC/LAD/TBFred McGriff
69%
BAL/LAD/NYM/CLE/BAL/ANA/LADEddie Murray
67.2%
LAD/MON/BOS/NYM/PHIPedro Martinez
60.3%
Teams Player % Correct
FLA/SD/MILTrevor Hoffman
48.3%
MON/STL/COL/ATL/TEX/SF/MON/SF/ANAAndres Galarraga
48.3%
CHW/NYM/NYY/LADRobin Ventura
41.4%
TOR/DET/CIN/BAL/NYY/TOR/CHW/NYY/SD/BOS/SD/LADDavid Wells
40.5%
STL/PHI/SF/CHW/CLE/MINSteve Carlton
37.1%
SEA/CIN/ATL/SD/SEA/MINBret Boone
34.5%
DET/MIN/TOR/CLEJack Morris
31.9%
NYM/NYY/CLE/HOU/TB/NYYDwight Gooden
29.3%
NYY/CHW/ARI/NYMOrlando Hernandez
29.3%
LAD/CAL/BAL/PHI/SD/STLFernando Valenzuela
6.9%

You're not logged in!

Compare scores with friends on all Sporcle quizzes.
Join for Free
OR
Log In

You Might Also Like...

Show Comments

Extras

Top Quizzes Today


Score Distribution

Your Account Isn't Verified!

In order to create a playlist on Sporcle, you need to verify the email address you used during registration. Go to your Sporcle Settings to finish the process.

Report this User

Report this user for behavior that violates our Community Guidelines.

Details: